LEADER 00889nam a2200217 u 4500 001 000000086140 003 CaOOAMICUS 005 20070226124250.0 008 050926s1933 it u000 u ita u 035 $a11059978 040 $aPUL(R)$bita 100 1 $aManacorda, Guido,$d1879-1965.$0(OLS)http://pul/name/5172 245 10$aBenedetto Croce ovvero dell'improntitudine /$cGuido Manacorda. 260 $aFirenze :$bR. Bemporad & F.,$c1933. 300 $a116 p. ;$c20 cm 600 14$aCroce, Benedetto,$d1866-1952.$0(OLS)http://pul/subject/1894 850 $aPUL 852 $aPUL$W1$xDP1 Fondo Cecchetti$y53$m295 D 24$j109379$nBK-PRI$b $qFondi$B109379$CPULBib$Z2$F109379 $HPUL3980 $81 941 1 $a1 996 $6245$aBenedetto Croce ovvero dell'improntitudine$9(OLS)http://pul/title/111678 996 $6260$aFirenze :$bR. Bemporad & F.$9(OLS)http://pul/publisher/77382 LEADER 01176nam a2200289 a 4500 001 000000144026 003 CaOOAMICUS 005 20150611144931.0 008 150611s1987 it u000 u ita r 040 $aPUL$bita 245 03$aIl laicato nella Bibbia e nella storia /$cPiersandro Vanzan (a cura) ; contributi di P. Bovati ... [et al.]. 260 $aRoma :$bA.V.E.,$c1987. 300 $a215 p. ;$c22 cm 490 1 $aNuovi saggi ;$v02 504 $aBibliografia in nota. 650 4$aLaicato.$0(OLS)http://pul/subject/994 700 1 $aVanzan, Piersandro,$cS.I.,$d1934-2011.$0(OLS)http://pul/name/30750 700 1 $aBovati, Pietro,$cS.I.,$d1940-$0(OLS)http://pul/name/13998 830 0$aNuovi saggi (A.V.E.) ;$v02.$0(OLS)http://pul/title/83329 850 $aPUL 852 $aPUL$W1$xDP1 Fondo S. Lanza$y121$m3 B 83$j162986$qFondi$B166564$CPULBib$Z2$F166564 $HLan914 $82 941 1 $a1 960 $aFedeli laici$9994 961 $aNota ms. di possesso: Sergio Lanza 996 $6245$aIl laicato nella Bibbia e nella storia$9(OLS)http://pul/title/182223 996 $6260$aRoma :$bA.V.E.$9(OLS)http://pul/publisher/47979